000 00701nam a22002297a 4500
003 UA-OsUOA
001 42430
007 ta
008 20090128b un ||||| |||| 00| 0 ukr d
100 _aМіненко Тимофій
090 _a27(477)/94(477).152(К)
_bМ71
942 _cBK
040 _aUA-OsUOA
_bukr
_cUA-OsUOA
_dUA-OsUOA
245 _aЗаснування в Канаді української православної митрополії
300 _a340 с.
955 _a4
041 _aukr
080 _a27(477)/94(477).152(К)
260 _aВінніпег
_c2006
650 7 _a27 Загальна історія Християнської церкви
_2UDC
999 _c440931
_d440931